Coping with tourists : european reactions to mass tourism
Αποθηκεύτηκε σε:
| Άλλοι συγγραφείς: | |
|---|---|
| Μορφή: | Βιβλίο |
| Γλώσσα: | English |
| Δημοσίευση: |
Providence, Oxford :
Berghahn Books,
1996
|
| Σειρά: | New directions in anthropology ;
; 1 |
| Θέματα: | |
| Ετικέτες: |
Προσθήκη ετικέτας
Δεν υπάρχουν, Καταχωρήστε ετικέτα πρώτοι!
|
MARC
| LEADER | 00000cam a2200000 i 4500 | ||
|---|---|---|---|
| 001 | 1/64655 | ||
| 008 | 991103s1996 eng d | ||
| 020 | |a 1-57181-900-2 | ||
| 035 | |l 10075045 | ||
| 040 | |a GR-MY-UA |b gre |e aacr | ||
| 041 | 0 | |a eng | |
| 082 | 0 | |a 338.479140455 |2 (21) | |
| 245 | 1 | 0 | |a Coping with tourists : |b european reactions to mass tourism / |c edited by Jeremy Boissevain |
| 260 | |a Providence, Oxford : |b Berghahn Books, |c 1996 | ||
| 300 | |a viii, 264 p.; |b εικ.; |c 22 εκ. | ||
| 490 | 1 | |a New directions in anthropology |v ; 1 | |
| 504 | |a Περιλαμβάνει βιβλιογραφικές αναφορές και ευρετήριο | ||
| 650 | 0 | 0 | |a Tourism |z Europe. |
| 700 | 1 | |a Boissevain, Jeremy. |4 edt | |
| 830 | 0 | |a New directions in anthropology ; |v ; 1 | |
| 852 | |a INST |b CHIOS |e 19991103 |h 338.479140455 COP |p 005200014389 |q 005200014389 |t BK |y 0 | ||
| 852 | |a INST |b CHIOS |e 20041102 |h 338.479140455 COP |p 005200019405 |q 005200019405 |t BK |y 0 | ||
| 852 | |a INST |b LESVOS |e 20000410 |h 338.479140455 COP |p 005100020394 |q 005100020394 |t BK |y 0 | ||
| 901 | |a BIBL2-1999-3 | ||
| 901 | |a BIBL2-2004-3 | ||
| 909 | |a Χ |b 055924 | ||
| 909 | |a Λ |b 066992 | ||
| 909 | |a Χ |b 113300 | ||
| 922 | |a 2ΕΛΗ |b 200409 |c ΤΔΕ |d ΜΙΧΑΛΟΠΟΥΛΟΣ | ||
| 950 | |a 112-2004-06-11 | ||
| 970 | |a ΣΠΕΝΤΖΑ |b ΕΛΕΝΗ |z 1999/11/03 | ||